Statistics for Ride the Cyclone: Character Catchphrases

Click here to take the quiz!

General Stats

  • This quiz has been taken 61 times
  • The average score is 4 of 21

Answer Stats

HintAnswer% Correct
Ocean O'Connell RosenbergDemocracy Rocks!
90%
Constance BlackwoodSorry!
90%
Ricky PottsLevel Up!
43%
Noel Gruber (pt 1)Being the only gay man in a small
31%
Noel Gruber (pt 3)having a laptop in the stone age
10%
Noel Gruber (pt 4)I mean sure, you can have one
10%
Noel Gruber (pt 5)but there's nowhere to plug it in
8%
Jane Doe (pt 8)existed. I find that idea terrifying
8%
Jane Doe (pt 6)lioness; far from it. They make
8%
Jane Doe (pt 7)love again like the children never
8%
Mischa Bachinski (pt 1)My gangsta persona is just armor
8%
Jane Doe (pt 2)she stops making love to the lion
8%
Jane Doe (pt 3)The lion gets jealous, sometimes
8%
Mischa Bachinski (pt 3)wandering through the wilderness
8%
Jane Doe (pt 5)You'd think this would upset the
8%
Mischa Bachinski (pt 5)fragile heart
6%
Mischa Bachinski (pt 4)holding in my hands my wounded
6%
Noel Gruber (pt 2)rural high school is kinda like
6%
Jane Doe (pt 4)so jealous he eats the children.
6%
Mischa Bachinski (pt 2)to conceal that I am a naked child
6%
Jane Doe (pt 1)When the lioness has children
6%

Score Distribution

Percentile by Number Answered

Percent of People with Each Score

Your Score History

You have not taken this quiz